Оценка влияния неконденсируемых газов на процесс десублимации фтористого водорода; Физико-технические проблемы в науке, промышленности и медицине

Bibliographische Detailangaben
Parent link:Физико-технические проблемы в науке, промышленности и медицине.— 2016.— [С. 98]
1. Verfasser: Картавых А. А.
Körperschaft: Национальный исследовательский Томский политехнический университет (ТПУ)
Weitere Verfasser: Губанов С. М., Крайнов А. Ю.
Zusammenfassung:Заглавие с экрана
Sprache:Russisch
Veröffentlicht: 2016
Schriftenreihe:Математическое моделирование в фундаментальных и прикладных исследованиях
Schlagworte:
Online-Zugang:http://earchive.tpu.ru/handle/11683/31221
Format: MixedMaterials Elektronisch Buchkapitel
KOHA link:https://koha.lib.tpu.ru/cgi-bin/koha/opac-detail.pl?biblionumber=619181

MARC

LEADER 00000naa2a2200000 4500
001 619181
005 20231101133040.0
035 |a (RuTPU)RU\TPU\conf\17585 
035 |a RU\TPU\conf\17584 
090 |a 619181 
100 |a 20160811d2016 k y0rusy50 ca 
101 0 |a rus 
102 |a RU 
105 |a y z 101zy 
135 |a drgn ---uucaa 
181 0 |a i  
182 0 |a b 
200 1 |a Оценка влияния неконденсируемых газов на процесс десублимации фтористого водорода  |f А. А. Картавых, С. М. Губанов, А. Ю. Крайнов 
203 |a Текст  |c электронный 
225 1 |a Математическое моделирование в фундаментальных и прикладных исследованиях 
230 |a 1 компьютерный файл (pdf; 540 Кb) 
300 |a Заглавие с экрана 
320 |a [Библиогр.: с. 98 (1 назв.)] 
463 0 |0 (RuTPU)RU\TPU\conf\17455  |t Физико-технические проблемы в науке, промышленности и медицине  |o сборник тезисов докладов VIII Международной научно-практической конференции, г. Томск, 1-3 июня 2016 г.  |f Национальный исследовательский Томский политехнический университет (ТПУ) ; под ред. О. Ю. Долматова [и др.]  |v [С. 98]  |d 2016 
610 1 |a труды учёных ТПУ 
610 1 |a электронный ресурс 
610 1 |a неконденсирующие газы 
610 1 |a десублимация 
610 1 |a фтористый водород 
610 1 |a гексафторид урана 
610 1 |a осадители 
700 1 |a Картавых  |b А. А. 
701 1 |a Губанов  |b С. М. 
701 1 |a Крайнов  |b А. Ю. 
712 0 2 |a Национальный исследовательский Томский политехнический университет (ТПУ)  |c (2009- )  |2 stltpush  |3 (RuTPU)RU\TPU\col\15902 
801 2 |a RU  |b 63413507  |c 20160826  |g RCR 
856 4 |u http://earchive.tpu.ru/handle/11683/31221 
942 |c BK